LEADER 01849nam0 22003493i 450 001 RAV0074736 005 20251003044321.0 100 $a19891109d1985 ||||0itac50 ba 101 | $aita 102 $ait 181 1$6z01$ai $bxxxe 182 1$6z01$an 200 1 $aDeregulation$ela deregolamentazione amministrativa e legislativa$fdi S. Cassese ... [et al.]$ga cura di Sabino Cassese ed Emilio Gerelli 210 $aMilano$cF. Angeli$dc1985 215 $a322 p.$d22 cm 225 | $aCollana del Dipartimento di economia pubblica e territoriale dell'Università di Pavia$v15 300 $aAtti del Congresso tenuto a Pavia nel 1984 300 $aNell'occh.: Camera di commercio, industria, artigianato e agricoltura di Pavia; Dipartimento di economia pubblica e territoriale, Università di Pavia. 410 0$1001CFI0079589$12001 $aCollana del Dipartimento di economia pubblica e territoriale dell'Università di Pavia$v15$171201$aUniversità degli studi$c $b : Dipartimento di economia pubblica e territoriale$3CFIV050369 676 $a336$9FINANZA PUBBLICA$v21 676 $a338.9$9SVILUPPO ECONOMICO$v21 676 $a338.9$9SVILUPPO ECONOMICO$v23 702 1$aCassese$b, Sabino$3CFIV019047 702 1$aGerelli$b, Emilio$3CFIV030125 801 3$aIT$bIT-000000$c19891109 850 $aIT-BN0095 901 $bNAP 01$cPOZZO LIB.$nVi sono collocati fondi di economia, periodici di ingegneria e scienze, periodici di economia e statistica e altri fondi comprendenti documenti di economia pervenuti in dono. 912 $aRAV0074736 950 0$aBiblioteca Centralizzata di Ateneo$c1 v.$d 01POZZO LIB.F. PARRAVICINI 496$e 0101 0600164305E VMA 1 v. (Precedente collocazione P. 574)$fB $h20231018$i20231018 977 $a 01 996 $aDeregulation$956846 997 $aUNISANNIO